Teaching and learning languages and multiliteracies : (Record no. 3613)

MARC details
000 -LEADER
fixed length control field 00863nam a22002537a 4500
003 - CONTROL NUMBER IDENTIFIER
control field OSt
005 - DATE AND TIME OF LATEST TRANSACTION
control field 20251215030238.0
008 - FIXED-LENGTH DATA ELEMENTS--GENERAL INFORMATION
fixed length control field 250711b |||||||| |||| 00| 0 eng d
020 ## - INTERNATIONAL STANDARD BOOK NUMBER
International Standard Book Number 6218035003
040 ## - CATALOGING SOURCE
Original cataloging agency DWCL - Main lib
Transcribing agency OC
082 ## - DEWEY DECIMAL CLASSIFICATION NUMBER
Classification number Fil. 371.117 T253 2016
100 ## - MAIN ENTRY--PERSONAL NAME
Personal name Giron, Paraluman R.
245 ## - TITLE STATEMENT
Title Teaching and learning languages and multiliteracies :
Remainder of title responding to the MTB-MLE challenge/
Statement of responsibility, etc. Paraluman R. Giron
260 ## - PUBLICATION, DISTRIBUTION, ETC.
Place of publication, distribution, etc. Quezon City :
Name of publisher, distributor, etc. Lorimar Publishing,
Date of publication, distribution, etc. c2016.
300 ## - PHYSICAL DESCRIPTION
Extent vi, 186 pages ;
Dimensions 26 cm.
504 ## - BIBLIOGRAPHY, ETC. NOTE
Bibliography, etc. note Includes bibliographical references.
650 ## - SUBJECT ADDED ENTRY--TOPICAL TERM
Topical term or geographic name entry element 1.Language and languages--Study and teaching.
650 ## - SUBJECT ADDED ENTRY--TOPICAL TERM
Topical term or geographic name entry element 2. Multicultural education.
700 ## - ADDED ENTRY--PERSONAL NAME
Personal name Roderick Aguirre
700 ## - ADDED ENTRY--PERSONAL NAME
Personal name Ofelia C. Flojo
700 ## - ADDED ENTRY--PERSONAL NAME
Personal name Merry Ruth M. Gutierez
700 ## - ADDED ENTRY--PERSONAL NAME
Personal name Avelina T. Llagas
942 ## - ADDED ENTRY ELEMENTS (KOHA)
Source of classification or shelving scheme Dewey Decimal Classification
Koha item type Book-Filipiniana
Call number prefix Fil.
Suppress in OPAC No
952 ## - LOCATION AND ITEM INFORMATION (KOHA)
--
952 ## - LOCATION AND ITEM INFORMATION (KOHA)
--
952 ## - LOCATION AND ITEM INFORMATION (KOHA)
--
Holdings
Withdrawn status Lost status Source of classification or shelving scheme Damaged status Not for loan Home library Current library Shelving location Date acquired Source of acquisition Cost, normal purchase price Total Checkouts Full call number Barcode Date last seen Copy number Price effective from Koha item type Uniform Resource Identifier
    Dewey Decimal Classification     College Library College Library Filipiniana 10/10/2017 School Fund 445.50   Fil. 371.117 T253 2016 51631 07/11/2025 c1 07/11/2025 BK - FIL
    Dewey Decimal Classification     College Library College Library Filipiniana 02/24/2021 School Fund 300.00   Fil. 371.117 T253 2016 CL52707 12/15/2025 c2 12/15/2025 BK - FIL
    Dewey Decimal Classification     College Library College Library Filipiniana 02/24/2021 School Fund 300.00   Fil. 371.117 T253 2016 CL52708 12/15/2025 c3 12/15/2025 BK - FIL